<?xml version="1.0" encoding="UTF-8"?>
<marc:record xmlns:marc="http://www.loc.gov/MARC21/slim">
   <marc:leader>00000nam a2200000 a 4500</marc:leader>
   <marc:datafield ind1="1" ind2=" " tag="100">
      <marc:subfield code="a">Tominaga, Yukiko</marc:subfield>
      <marc:subfield code="4">aut</marc:subfield>
      <marc:subfield code="e">Verfasser/-in</marc:subfield>
   </marc:datafield>
   <marc:datafield ind1="0" ind2="0" tag="245">
      <marc:subfield code="a">Vermissen auf Japanisch</marc:subfield>
   </marc:datafield>
   <marc:datafield ind1="0" ind2="0" tag="245">
      <marc:subfield code="b">Roman</marc:subfield>
   </marc:datafield>
   <marc:datafield ind1="0" ind2="0" tag="245">
      <marc:subfield code="c">Tominaga, Yukiko</marc:subfield>
   </marc:datafield>
   <marc:datafield ind1=" " ind2="1" tag="264">
      <marc:subfield code="a">Hamburg</marc:subfield>
      <marc:subfield code="b">mare</marc:subfield>
      <marc:subfield code="c">2025</marc:subfield>
   </marc:datafield>
   <marc:datafield ind1=" " ind2=" " tag="250">
      <marc:subfield code="a">1. Auflage</marc:subfield>
   </marc:datafield>
   <marc:datafield ind1="1" ind2=" " tag="520">
      <marc:subfield code="a">Vollkommen überraschend verliert Kyoko ihren Ehemann Levi. In San Francisco allein gelassen mit einem Berg Schulden, einem abgebrochenen Studium und ihrem zweijährigen Sohn Alex muss sie lernen, mit der Lücke umzugehen, die Levi hinterlassen hat – was gar nicht so einfach ist, wenn die eigene Familie weit entfernt in Tokio lebt und ihre Sprache keine Vokabel für das Wort »vermissen« kennt. Doch zum Glück gibt es Kyokos Mitbewohnerin Mi Cha, die weiß, wie es sich anfühlt, zwischen zwei Welten zu leben, und vor allem Bubbe, ihre heißgeliebte jüdische Schwiegermutter, mit der Kyoko trotz aller Unterschiede offen über ihre Wut und Trauer sprechen kann. Mit ihrer Schwäche für Wahrsagerinnen, Bananentorte und ausgedehnte Familienbesuche wirbelt Bubbe Kyokos Routine durcheinander und ermuntert sie, ihr Leben selbst in die Hand zu nehmen.</marc:subfield>
   </marc:datafield>
   <marc:datafield ind1=" " ind2=" " tag="020">
      <marc:subfield code="a">9783866487161</marc:subfield>
      <marc:subfield code="9">9783866487161</marc:subfield>
   </marc:datafield>
   <marc:datafield ind1=" " ind2=" " tag="020">
      <marc:subfield code="a">3866487169</marc:subfield>
      <marc:subfield code="9">3866487169</marc:subfield>
   </marc:datafield>
   <marc:datafield ind1=" " ind2=" " tag="041">
      <marc:subfield code="a">ger</marc:subfield>
   </marc:datafield>
   <marc:datafield ind1=" " ind2=" " tag="300">
      <marc:subfield code="a">256 Seiten</marc:subfield>
   </marc:datafield>
</marc:record>
